[Event "Lisbon"]
[Site "Lisbon"]
[Date "1995.??.??"]
[Round "3"]
[White "Pereira, Alvaro"]
[Black "Costa, Fernando JM"]
[Result "1/2-1/2"]
[WhiteElo "2300"]
[BlackElo "2025"]
[PlyCount "82"]
[EventDate "1995.??.??"]
[EventType "tourn"]
[EventRounds "9"]
[EventCountry "POR"]
[EventCategory "1"]
[SourceTitle "CBM 046 Extra"]
[Source "ChessBase"]
[SourceDate "1995.07.01"]
[SourceVersion "1"]
[SourceVersionDate "1995.07.01"]
[SourceQuality "1"]

1. Nf3 Nf6 2. c4 e6 3. g3 b6 4. Bg2 Bb7 5. 0-0 Be7 6. Nc3 0-0 7. d4 d5 8. cxd5 Nxd5 9. Nxd5 Bxd5 10. Qc2 c5 11. dxc5 Bxc5 12. Ng5 g6 13. Ne4 Be7 14. Bh6 Re8 15. Qc3 f6 16. Ng5 Bxg2 17. Kxg2 Qc8 18. Qf3 Nc6 19. Rac1 fxg5 20. Rxc6 Qd7 21. Qc3 Bd8 22. Rd1 Qf7 23. Rcd6 Bf6 24. Qd2 g4 25. Kg1 Rac8 26. b3 Be5 27. Rd7 Re7 28. Rd8+ Rxd8 29. Qxd8+ Re8 30. Qg5 Qf5 31. Qe3 Bf6 32. f4 gxf3 33. Qxf3 g5 34. Qh5 Qg6 35. Qxg6+ hxg6 36. Rd7 Re7 37. Rd8+ Kh7 38. Bf8 Rc7 39. Rd2 Kg8 40. Ba3 Kf7 41. Kf2 g4 1/2-1/2

[Event "Lisbon-ch"]
[Site "Lisbon"]
[Date "1994.??.??"]
[Round "5"]
[White "Nogueira, Nelson"]
[Black "Pereira, Alvaro"]
[Result "0-1"]
[WhiteElo "2265"]
[BlackElo "2280"]
[PlyCount "104"]
[EventDate "1994.??.??"]
[EventType "tourn"]
[EventRounds "11"]
[EventCountry "POR"]
[SourceTitle "EXT 1998"]
[Source "ChessBase"]
[SourceDate "1997.11.17"]
[SourceVersion "1"]
[SourceVersionDate "1997.11.17"]
[SourceQuality "1"]

1. e4 c5 2. c3 Nf6 3. e5 Nd5 4. Nf3 Nc6 5. Bc4 Nb6 6. Bb3 d5 7. exd6 e6 8. 0-0 Bxd6 9. d4 cxd4 10. Nxd4 Nxd4 11. Qxd4 0-0 12. Rd1 Be7 13. Qe4 Qe8 14. Bf4 Nd7 15. Bc2 Nf6 16. Qd3 Bd7 17. Bg5 Bb5 18. Qh3 h6 19. Bxh6 gxh6 20. Qxh6 Rd8 21. Rxd8 Bxd8 22. Na3 Bc6 23. Re1 Qd7 24. Re3 Be4 25. Rh3 Nh7 26. Rg3+ Bg6 27. h3 Kh8 28. Bxg6 fxg6 29. Qxg6 Bc7 30. Rd3 Qf7 31. Qxf7 Rxf7 32. f3 Nf6 33. Nb5 Bb6+ 34. Kh1 Nd5 35. Nd6 Rg7 36. Ne4 Rxg2 37. Kxg2 Nf4+ 38. Kg3 Nxd3 39. b3 Nc1 40. Ng5 Nxa2 41. Nxe6 Nxc3 42. h4 Ne2+ 43. Kg4 Nd4 44. Ng5 Nxb3 45. Kf5 Kg7 46. Ke4 a5 47. Kd3 Kg6 48. Kc4 Nd4 49. Ne4 Nf5 50. Nc3 Nxh4 51. Kb5 Bd8 52. Na4 Nf5 0-1

[Event "Lisbon-ch"]
[Site "Lisbon"]
[Date "1994.??.??"]
[Round "8"]
[White "Nunes, Jose Julio"]
[Black "Pereira, Alvaro"]
[Result "0-1"]
[WhiteElo "2000"]
[BlackElo "2280"]
[PlyCount "55"]
[EventDate "1994.??.??"]
[EventType "tourn"]
[EventRounds "11"]
[EventCountry "POR"]
[SourceTitle "EXT 1998"]
[Source "ChessBase"]
[SourceDate "1997.11.17"]
[SourceVersion "1"]
[SourceVersionDate "1997.11.17"]
[SourceQuality "1"]

1. e4 c5 2. c3 Nf6 3. e5 Nd5 4. d4 cxd4 5. cxd4 d6 6. Nf3 Nc6 7. Bc4 Nb6 8. Bb3 d5 9. h3 h6 10. Qd3 e6 11. Nc3 a6 12. a3 Bd7 13. 0-0 Rc8 14. Nd2 Qh4 15. f4 Nxd4 16. Nf3 Nxf3+ 17. Qxf3 Bc5+ 18. Kh2 g6 19. Bc2 Bd4 20. Bd3 Nc4 21. Nxd5 exd5 22. Qxd5 Bf2 23. Bxc4 Bg3+ 24. Kg1 Be6 25. Qxb7 Rxc4 26. Qb8+ Qd8 27. Qa7 Qd4+ 28. Kh1 0-1

[Event "Portuguese Masters"]
[Site "Portugal"]
[Date "1994.??.??"]
[Round "3"]
[White "Pereira, Alvaro"]
[Black "Damaso, Rui"]
[Result "0-1"]
[WhiteElo "2285"]
[BlackElo "2435"]
[PlyCount "66"]
[EventDate "1994.??.??"]
[EventType "tourn"]
[EventRounds "9"]
[EventCountry "POR"]
[EventCategory "3"]
[SourceTitle "EXT 1998"]
[Source "ChessBase"]
[SourceDate "1997.11.17"]
[SourceVersion "1"]
[SourceVersionDate "1997.11.17"]
[SourceQuality "1"]

1. Nf3 Nf6 2. c4 g6 3. g3 Bg7 4. Bg2 0-0 5. 0-0 d6 6. d4 c6 7. Nc3 Nbd7 8. b3 e5 9. Qc2 Re8 10. Rd1 e4 11. Ng5 e3 12. fxe3 Nf8 13. e4 Qe7 14. e3 h5 15. Rf1 Bh6 16. Nf3 N8h7 17. Kh1 Ng4 18. h3 Ngf6 19. e5 dxe5 20. Nxe5 Be6 21. e4 Bxc1 22. Qxc1 c5 23. d5 Bxh3 24. Nf3 Bxg2+ 25. Kxg2 Nxe4 26. Re1 f5 27. Qf4 Qg7 28. Nb5 Qb2+ 29. Kh3 Nf2+ 30. Kh4 Qf6+ 31. Ng5 Ne4 32. Kh3 Nhxg5+ 33. Kg2 Qb2+ 0-1

[Event "Lisbon-ch"]
[Site "Lisbon"]
[Date "1994.??.??"]
[Round "2"]
[White "Pereira, Alvaro"]
[Black "Gaspar, Artur Jorge Rocha"]
[Result "1/2-1/2"]
[WhiteElo "2280"]
[BlackElo "2000"]
[PlyCount "34"]
[EventDate "1994.??.??"]
[EventType "tourn"]
[EventRounds "11"]
[EventCountry "POR"]
[SourceTitle "EXT 1998"]
[Source "ChessBase"]
[SourceDate "1997.11.17"]
[SourceVersion "1"]
[SourceVersionDate "1997.11.17"]
[SourceQuality "1"]

1. g3 c5 2. Bg2 Nf6 3. Nf3 e6 4. c4 Qc7 5. Nc3 a6 6. 0-0 b6 7. b3 Bb7 8. Bb2 Be7 9. d4 cxd4 10. Qxd4 0-0 11. Na4 b5 12. cxb5 axb5 13. Nc3 b4 14. Nb5 Qc6 15. a4 bxa3 16. Nxa3 Qd5 17. Qxd5 Bxd5 1/2-1/2

[Event "Badalona op"]
[Site "Badalona"]
[Date "1994.??.??"]
[Round "3"]
[White "Pereira, Alvaro"]
[Black "Pogorelov, Ruslan"]
[Result "0-1"]
[WhiteElo "2280"]
[BlackElo "2415"]
[PlyCount "114"]
[EventDate "1994.??.??"]
[EventType "swiss"]
[EventRounds "9"]
[EventCountry "ESP"]
[SourceTitle "EXT 2000"]
[Source "ChessBase"]
[SourceDate "1999.11.16"]
[SourceVersion "1"]
[SourceVersionDate "1999.11.16"]
[SourceQuality "1"]

1. e4 c5 2. Nf3 e6 3. d4 cxd4 4. Nxd4 Nc6 5. Nc3 d6 6. Bc4 Nf6 7. Be3 Be7 8. Qe2 a6 9. Bb3 Qc7 10. 0-0-0 0-0 11. g4 Nxd4 12. Rxd4 b5 13. g5 Nd7 14. Rg1 Rd8 15. Qh5 g6 16. Qh6 Bf8 17. Qh4 Rb8 18. Rg3 a5 19. Rh3 h5 20. gxh6 Kh7 21. a3 Nc5 22. e5 b4 23. exd6 Rxd6 24. Rc4 Qb7 25. Ne4 Nxe4 26. Qxe4 Qd7 27. Rd4 bxa3 28. bxa3 Rxd4 29. Bxd4 Bxa3+ 30. Kb1 Bd6 31. Qh4 Qe7 32. Bf6 Qe8 33. Bb2 Be7 34. Qd4 f6 35. Qa7 Rb7 36. Qxa5 e5 37. Qa8 Rc7 38. Qb8 Rb7 39. Qa8 Rc7 40. Qb8 Qd8 41. Rd3 Rd7 42. Rxd7 Qxd7 43. Bc1 Bc5 44. f3 Qb7 45. Qxb7+ Bxb7 46. f4 e4 47. f5 e3 48. fxg6+ Kxg6 49. c4 Kxh6 50. Kc2 Be4+ 51. Kd1 f5 52. Bc2 Bf3+ 53. Ke1 f4 54. Bd3 Bg2 55. Bf1 Bxf1 56. Kxf1 f3 57. Bb2 e2+ 0-1

[Event "POR-ch"]
[Site "Portugal"]
[Date "1994.??.??"]
[Round "4"]
[White "Pereira, Alvaro"]
[Black "Quadrio, Alexandre"]
[Result "1/2-1/2"]
[WhiteElo "2280"]
[BlackElo "2140"]
[PlyCount "33"]
[EventDate "1994.??.??"]
[EventType "tourn"]
[EventRounds "11"]
[EventCountry "POR"]
[SourceTitle "EXT 1997"]
[Source "ChessBase"]
[SourceDate "1996.11.15"]
[SourceVersion "1"]
[SourceVersionDate "1996.11.15"]
[SourceQuality "1"]

1. d4 e6 2. e4 c5 3. c3 d5 4. e5 Nc6 5. Nf3 Qb6 6. Be2 Nge7 7. dxc5 Qc7 8. b4 Nxe5 9. 0-0 N7g6 10. Re1 Be7 11. Nxe5 Nxe5 12. Bb5+ Nc6 13. Qf3 f6 14. Na3 Bd7 15. Bf4 e5 16. Bg3 Be6 17. Bd3 1/2-1/2

[Event "POR-ch"]
[Site "Portugal"]
[Date "1994.??.??"]
[Round "7"]
[White "Pereira, Alvaro"]
[Black "Santos, Carlos Pereira Dos"]
[Result "1/2-1/2"]
[WhiteElo "2280"]
[BlackElo "2310"]
[PlyCount "20"]
[EventDate "1994.??.??"]
[EventType "tourn"]
[EventRounds "11"]
[EventCountry "POR"]
[SourceTitle "EXT 1997"]
[Source "ChessBase"]
[SourceDate "1996.11.15"]
[SourceVersion "1"]
[SourceVersionDate "1996.11.15"]
[SourceQuality "1"]

1. b3 e5 2. Bb2 Nc6 3. e3 d5 4. Bb5 Bd6 5. f4 f6 6. Bxc6+ bxc6 7. Ne2 exf4 8. Nxf4 Bxf4 9. exf4 Ne7 10. 0-0 0-0 1/2-1/2

[Event "Lisbon-chB"]
[Site "Lisbon"]
[Date "1992.??.??"]
[Round "8"]
[White "Leonardo, Joao Paulo L"]
[Black "Pereira, Alvaro"]
[Result "1-0"]
[WhiteElo "2300"]
[BlackElo "2275"]
[PlyCount "69"]
[EventDate "1992.??.??"]
[EventType "tourn"]
[EventRounds "9"]
[EventCountry "POR"]
[EventCategory "3"]
[SourceTitle "EXT 1997"]
[Source "ChessBase"]
[SourceDate "1996.11.15"]
[SourceVersion "1"]
[SourceVersionDate "1996.11.15"]
[SourceQuality "1"]

1. d3 d5 2. g3 g6 3. Bg2 Bg7 4. Nc3 Nf6 5. Bg5 d4 6. Nb1 Nc6 7. Qc1 h6 8. Bd2 e5 9. c3 Bd7 10. Nf3 Qe7 11. 0-0 0-0-0 12. cxd4 exd4 13. b4 Nxb4 14. Bxb4 Qxb4 15. Nbd2 Bc6 16. Rb1 Qc3 17. Bh3+ Kb8 18. Qd1 Rhe8 19. Nc4 Nd5 20. Rb3 Ba4 21. Rxb7+ Kxb7 22. Qxa4 f5 23. Bg2 Re6 24. Nfd2 Kc8 25. Qxa7 Nb6 26. Rb1 Rdd6 27. Nxd6+ Rxd6 28. Nb3 Rd7 29. Rc1 Qb2 30. Bc6 Be5 31. Kg2 Rg7 32. Bf3 Kd8 33. Qb8+ Ke7 34. Rxc7+ Bxc7 35. Qxc7+ 1-0

[Event "Lisbon-chB"]
[Site "Lisbon"]
[Date "1992.??.??"]
[Round "2"]
[White "Pereira, Alvaro"]
[Black "Cordovil, Joao Maria"]
[Result "1-0"]
[WhiteElo "2275"]
[BlackElo "2300"]
[PlyCount "49"]
[EventDate "1992.??.??"]
[EventType "tourn"]
[EventRounds "9"]
[EventCountry "POR"]
[EventCategory "3"]
[SourceTitle "EXT 1997"]
[Source "ChessBase"]
[SourceDate "1996.11.15"]
[SourceVersion "1"]
[SourceVersionDate "1996.11.15"]
[SourceQuality "1"]

1. e4 e6 2. d4 c5 3. c3 Nf6 4. Bd3 cxd4 5. cxd4 Nc6 6. Nf3 Qb6 7. Nc3 Nxd4 8. Nxd4 Qxd4 9. 0-0 a6 10. Be3 Qd6 11. f4 Ng4 12. Qxg4 Qxd3 13. Qg3 b5 14. Rac1 Qd6 15. e5 Qb4 16. f5 Bb7 17. fxe6 fxe6 18. Qf2 Qe7 19. Nxb5 axb5 20. Bc5 Qxc5 21. Rxc5 Bxc5 22. Qxc5 Bc6 23. a3 0-0-0 24. a4 bxa4 25. Rf4 1-0

[Event "Lisbon-ch"]
[Site "Lisbon"]
[Date "1992.??.??"]
[Round "10"]
[White "Pereira, Alvaro"]
[Black "Frois, Antonio"]
[Result "1/2-1/2"]
[WhiteElo "2275"]
[BlackElo "2380"]
[PlyCount "44"]
[EventDate "1992.??.??"]
[EventType "tourn"]
[EventRounds "11"]
[EventCountry "POR"]
[EventCategory "1"]
[SourceTitle "EXT 1997"]
[Source "ChessBase"]
[SourceDate "1996.11.15"]
[SourceVersion "1"]
[SourceVersionDate "1996.11.15"]
[SourceQuality "1"]

1. d4 d5 2. Nf3 c5 3. c4 e6 4. cxd5 exd5 5. Nc3 Nc6 6. g3 Nf6 7. Bg2 Be7 8. 0-0 0-0 9. Bg5 cxd4 10. Nxd4 h6 11. Be3 Re8 12. Rc1 Bg4 13. h3 Be6 14. Qa4 Qd7 15. Nxe6 fxe6 16. Rfd1 Bf8 17. Ne4 Qf7 18. Nxf6+ Qxf6 19. Bd4 Nxd4 20. Qxd4 Qxd4 21. Rxd4 Rac8 22. Rdd1 Kf7 1/2-1/2

[Event "Lisbon-ch"]
[Site "Lisbon"]
[Date "1992.??.??"]
[Round "7"]
[White "Pereira, Alvaro"]
[Black "Rocha, Antonio"]
[Result "1-0"]
[WhiteElo "2275"]
[BlackElo "2365"]
[PlyCount "23"]
[EventDate "1992.??.??"]
[EventType "tourn"]
[EventRounds "11"]
[EventCountry "POR"]
[EventCategory "1"]
[SourceTitle "EXT 1997"]
[Source "ChessBase"]
[SourceDate "1996.11.15"]
[SourceVersion "1"]
[SourceVersionDate "1996.11.15"]
[SourceQuality "1"]

1. e4 e6 2. d4 d5 3. e5 f6 4. Bd3 g6 5. Nf3 Bg7 6. h4 fxe5 7. Bg5 Bf6 8. dxe5 Bxg5 9. Nxg5 Ne7 10. Qf3 Rf8 11. Qg4 h6 12. Nh7 1-0

[Event "Lisbon-chB"]
[Site "Lisbon"]
[Date "1992.??.??"]
[Round "4"]
[White "Pereira, Alvaro"]
[Black "Silva, Fernando"]
[Result "1/2-1/2"]
[WhiteElo "2275"]
[BlackElo "2265"]
[PlyCount "105"]
[EventDate "1992.??.??"]
[EventType "tourn"]
[EventRounds "9"]
[EventCountry "POR"]
[EventCategory "3"]
[SourceTitle "EXT 1997"]
[Source "ChessBase"]
[SourceDate "1996.11.15"]
[SourceVersion "1"]
[SourceVersionDate "1996.11.15"]
[SourceQuality "1"]

1. c4 g6 2. Nc3 Bg7 3. g3 c5 4. Bg2 Nc6 5. Nf3 e6 6. 0-0 Nge7 7. d3 0-0 8. a3 a6 9. Rb1 Rb8 10. Bd2 b5 11. cxb5 axb5 12. b4 cxb4 13. axb4 d5 14. Na2 e5 15. Nc1 Qd6 16. Nb3 Nxb4 17. Nbd4 Nxd3 18. exd3 exd4 19. Bf4 Qb6 20. Bxb8 Qxb8 21. Qb3 Bd7 22. Rfe1 Re8 23. Re2 Bf6 24. Qb4 Qb6 25. Rc2 Ra8 26. Qc5 Qxc5 27. Rxc5 Ra3 28. Rc7 Bf5 29. Ne1 Bxd3 30. Nxd3 Rxd3 31. Bf1 Rc3 32. Rxc3 dxc3 33. Bxb5 d4 34. Kf1 Nd5 35. Bd3 Be7 36. Ke2 Nb4 37. Rc1 h5 38. f4 g5 39. Ra1 gxf4 40. gxf4 Bd6 41. Ra8+ Kg7 42. Rd8 Nxd3 43. Kxd3 Bxf4 44. Rxd4 Bd2 45. Rc4 Kg6 46. Rc6+ Kg5 47. Rc4 f5 48. h4+ Kf6 49. Rc5 Ke6 50. Rb5 Be1 51. Rb6+ Ke5 52. Rh6 Bxh4 53. Kxc3 1/2-1/2

[Event "POR-ch"]
[Site "Lisbon"]
[Date "1991.??.??"]
[Round "10"]
[White "Ferreira, A."]
[Black "Pereira, Alvaro"]
[Result "1/2-1/2"]
[WhiteElo "2135"]
[BlackElo "2235"]
[PlyCount "26"]
[EventDate "1991.??.??"]
[EventType "tourn"]
[EventRounds "11"]
[EventCountry "POR"]
[EventCategory "2"]
[SourceTitle "EXT 1997"]
[Source "ChessBase"]
[SourceDate "1996.11.15"]
[SourceVersion "1"]
[SourceVersionDate "1996.11.15"]
[SourceQuality "1"]

1. d4 d5 2. c4 dxc4 3. Nf3 a6 4. a4 Nf6 5. e3 e6 6. Bxc4 c5 7. 0-0 Nc6 8. Qe2 Qc7 9. Nc3 Bd6 10. Rd1 0-0 11. h3 h6 12. Bd2 Rd8 13. a5 cxd4 1/2-1/2

[Event "POR-ch"]
[Site "Lisbon"]
[Date "1991.??.??"]
[Round "8"]
[White "Frois, Antonio"]
[Black "Pereira, Alvaro"]
[Result "0-1"]
[WhiteElo "2400"]
[BlackElo "2235"]
[PlyCount "80"]
[EventDate "1991.??.??"]
[EventType "tourn"]
[EventRounds "11"]
[EventCountry "POR"]
[EventCategory "2"]
[SourceTitle "EXT 1997"]
[Source "ChessBase"]
[SourceDate "1996.11.15"]
[SourceVersion "1"]
[SourceVersionDate "1996.11.15"]
[SourceQuality "1"]

1. Nf3 d5 2. c4 dxc4 3. g3 Nd7 4. Na3 Nb6 5. Bg2 e6 6. Nxc4 Nxc4 7. Qa4+ Bd7 8. Qxc4 Bc6 9. 0-0 Nf6 10. Re1 Qd5 11. Qc2 Qc5 12. Qb1 Qb6 13. b3 Rd8 14. d3 Bc5 15. Rf1 a5 16. Bb2 a4 17. bxa4 Ra8 18. Qc1 Rxa4 19. Rb1 Qa7 20. Bxf6 gxf6 21. Qh6 Ke7 22. Qg7 Qa8 23. Qh6 Rxa2 24. Rbc1 Bb6 25. Nd2 Bxg2 26. Kxg2 Rg8 27. Nc4 Bd4 28. Kg1 Rxe2 29. Qf4 e5 30. Qf3 Qa2 31. Ne3 Bxe3 32. Rxc7+ Kf8 33. fxe3 Rg6 34. Qh5 Rg2+ 35. Kh1 Rf2 36. Rfc1 Qd5+ 37. e4 Qxd3 38. Rxf7+ Kxf7 39. Qxh7+ Ke6 40. Qh3+ Kd6 0-1

[Event "POR-ch"]
[Site "Lisbon"]
[Date "1991.??.??"]
[Round "1"]
[White "Leonardo, Joao Paulo L"]
[Black "Pereira, Alvaro"]
[Result "1-0"]
[WhiteElo "2240"]
[BlackElo "2235"]
[PlyCount "47"]
[EventDate "1991.??.??"]
[EventType "tourn"]
[EventRounds "11"]
[EventCountry "POR"]
[EventCategory "2"]
[SourceTitle "EXT 1997"]
[Source "ChessBase"]
[SourceDate "1996.11.15"]
[SourceVersion "1"]
[SourceVersionDate "1996.11.15"]
[SourceQuality "1"]

1. d3 d5 2. g3 g6 3. Bg2 Bg7 4. c3 e5 5. Nd2 Ne7 6. e4 c6 7. Ne2 0-0 8. 0-0 f5 9. f4 fxe4 10. dxe4 Bg4 11. fxe5 Qb6+ 12. Kh1 Rf2 13. Bf3 Bxf3+ 14. Nxf3 dxe4 15. Ng5 Na6 16. Nd4 Raf8 17. Rxf2 Rxf2 18. Nxe4 Rf8 19. Ne6 Bxe5 20. Nxf8 Kxf8 21. Bh6+ Kg8 22. Qf1 Nf5 23. Qc4+ Kh8 24. Qe6 1-0